[Event "RUS-chT2"]
[Site "Sochi"]
[Date "2022.05.02"]
[Round "2.2"]
[White "Semenova, Elena"]
[Black "Novikov, Denis Max"]
[Result "1-0"]
[WhiteElo "2280"]
[BlackElo "1565"]
[PlyCount "53"]
[EventDate "2022.05.01"]
[EventType "team-swiss"]
[EventRounds "9"]
[EventCountry "RUS"]
[SourceTitle "CBM 208 Extra"]
[Source "ChessBase"]
[SourceDate "2022.07.31"]
[SourceVersion "1"]
[SourceVersionDate "2022.07.31"]
[SourceQuality "1"]
[WhiteTeam "Qmal QNAO"]
[BlackTeam "Tula Region"]
[WhiteTeamCountry "RUS"]
[BlackTeamCountry "RUS"]

1. e4 c5 2. Nf3 d6 3. Bb5+ Bd7 4. Bxd7+ Qxd7 5. c4 e5 6. Nc3 Nc6 7. a3 a5 8. Nd5 Rb8 9. d3 Nge7 10. 0-0 Nxd5 11. cxd5 Nd4 12. Nxd4 exd4 13. a4 Be7 14. Bd2 b6 15. f4 0-0 16. Qf3 Bf6 17. g4 h6 18. Be1 Qd8 19. Qg3 b5 20. h4 g5 21. fxg5 hxg5 22. Bxa5 Qe7 23. Rf5 Be5 24. Qf2 Bf4 25. Bd2 Kg7 26. Bxf4 gxf4 27. Rg5+ 1-0